000 00490nam a22001697a 4500
003 BD-ChCU
005 20260129141830.0
008 260129b bg ||||| |||| 00| 0 ben d
040 _cBD-ChCU
082 _a407 TAL
100 _aTaber, Julian I and others.
_919928
245 _aLearning and programmed instrutions.//
_cTaber, Julian I and others.
260 _aAddison-Wesley.
_b.
_c1965
300 _ax, 182p
650 0 _aLiterature - Study and Teaching.
_919929
942 _2ddc
_cBK
_n0
999 _c111393
_d111393